LEADER 01440nam a2200265 4500 001 000000346886 003 CaOOAMICUS 005 20210802092618.0 008 210702s1987 it a 000 u ita r 040 $aSeMil$bita 100 1 $aGamrath, Helge.$0(OLS)http://semarc/name/114242 245 10$aRoma sancta renovata :$bstudi sull'urbanistica di Roma nella seconda metà del sec. 16. con particolare riferimento al pontificato di Sisto 5. (1585-1590) /$cHelge Gamrath. 264 1$aRoma :$bL'Erma di Bretschneider,$c1987. 300 $a191 p. :$bill. ;$c29 cm 490 1 $aAnalecta romana Instituti danici. Supplementum ;$v12 600 04$aSisto V .$0(OLS)http://semarc/subject/4801 650 4$aRoma - Storia - Sec. 16.$0(OLS)http://semarc/subject/6297 650 4$aRoma - Urbanistica - Sec. 16.$0(OLS)http://semarc/subject/50748 830 0$aAnalecta romana Instituti danici. Supplementum ;$v12.$0(OLS)http://semarc/title/436115 850 $aSeMil 852 $aSeMil$W1$xVenegono$y1$m3U VI 70$j229087$B237961$CSeMilBibl$Z2$F237961 $81 961 $aPerego don Stefano - Omaggio 996 $6245$aRoma sancta renovata :$bstudi sull'urbanistica di Roma nella seconda metà del sec. 16. con particolare riferimento al pontificato di Sisto 5. (1585-1590)$9(OLS)http://semarc/title/436119 996 $6264$aRoma :$bL'Erma di Bretschneider$9(OLS)http://semarc/publisher/31593 LEADER 00622nam a2200169 i 4500 001 000000220743 003 CaOOAMICUS 005 20130531000000.0 008 130531s1890 xx u000 u lat u 013 $a199640 040 $aSeMil$bita 245 10$aVolumen 3. 300 $aVIII 485 p. 773 0 $aCano, Melchior $tMelchioris Cani episcopi canariensium ex Ordine praedicatorum Opera.$dRomae : Ex typographia Forzani et Socii, 1890.$g3$w()6105 850 $aSeMil 852 $aSeMil$W1$xVenegono$y1$m2M II 17 FA$j171097$B171097$CSeMilBibl$Z2$F181634 $8I 996 $6245$aVolumen 3$9(OLS)http://semarc/title/104006